Супергрустная история настоящей любви: роман; пер. с англ.

Detalles Bibliográficos
Autor Principal: Штейнгарт Г. Гарри
Summary:Новый роман Гари Штейнгарта, автора нашумевших "Приключений русского дебютанта" и "Абсурдистана". Ленни Абрамов, герой "Супергрустной истории настоящей любви", родился не в том месте и не в то время. Его трогательная привычка вести дневник, которому он доверяет самые сокровенные мысли, и не менее трогательная влюбленность в кореянку Юнис Пак были бы уместны несколько веков назад. Впрочем, таким людям, как Ленни, нелегко в любые времена. В "Супергрустной истории" читатель найдет сатиру и романтику, глубокий психологизму апокалиптические мотивы. По мнению Publishers Weekly, на сегодняш'йий день это лучший роман Штейнгарта.
Idioma:ruso
Publicado: Москва, Эксмо, 2012
Series:Интеллектуальный бестселлер
Subjects:
Formato: MixedMaterials Libro
KOHA link:https://koha.lib.tpu.ru/cgi-bin/koha/opac-detail.pl?biblionumber=256834

MARC

LEADER 00000nam0a2200000 4500
001 256834
005 20231101233141.0
010 |a 9785699594566 
035 |a (RuTPU)RU\TPU\book\279577 
090 |a 256834 
100 |a 20140411d2012 m y0rusy50 ca 
101 1 |a rus  |c eng 
102 |a RU 
105 |a y z 000ay 
200 1 |a Супергрустная история настоящей любви  |e роман  |e пер. с англ.  |f Г. Штейнгарт 
210 |a Москва  |c Эксмо  |d 2012 
215 |a 384 с. 
225 1 |a Интеллектуальный бестселлер 
330 |a Новый роман Гари Штейнгарта, автора нашумевших "Приключений русского дебютанта" и "Абсурдистана". Ленни Абрамов, герой "Супергрустной истории настоящей любви", родился не в том месте и не в то время. Его трогательная привычка вести дневник, которому он доверяет самые сокровенные мысли, и не менее трогательная влюбленность в кореянку Юнис Пак были бы уместны несколько веков назад. Впрочем, таким людям, как Ленни, нелегко в любые времена. В "Супергрустной истории" читатель найдет сатиру и романтику, глубокий психологизму апокалиптические мотивы. По мнению Publishers Weekly, на сегодняш'йий день это лучший роман Штейнгарта. 
606 1 |a Американская литература (англо-язычная литература)  |2 stltpush  |3 (RuTPU)RU\TPU\subj\28887  |9 52349 
610 1 |a интеллектуальные романы 
610 1 |a любовь 
610 1 |a апокалипсис 
610 1 |a сатира 
675 |a 82  |v 3 
700 1 |a Штейнгарт  |b Г.  |g Гарри 
801 1 |a RU  |b 63413507  |c 20140411 
801 2 |a RU  |b 63413507  |c 20140708  |g RCR 
942 |c BK 
959 |a 68/20140410  |d 1  |e 319,00  |f ХФ:1